000 00653cam a22002171 4500
001 sa 65004178
003 DLC
005 20260227112128.0
008 891013q19601965ii 000 0 telo
010 _asa 65004178
035 _a(OCoLC)20486561
040 _aDLC
_cWaU
_dDLC
050 0 0 _aPL4780.9.K628
_bZ92 1960z
100 1 _aVēṅkaṭāvadhāni, Divākarla,
_d1913-1986.
245 1 0 _aĀndhra nāṭaka pitāmahun̐ḍu.
260 _a[n. p.,
_c196-?]
300 _a214 p.
_c22 cm.
500 _aIn Telugu.
500 _aIssued also as thesis (M. A.), Andhra University.
600 1 0 _aRāmakr̥ṣṇamācārvulu, Dharmavaraṃ,
_d1853-1912.
999 _c63592
_d63592